000
00214nam a22001097a 4500
082
_a
621.3BHA
100
_a
Bhat
245
_a
Fundamental of Electromegnetics
260
_a
CB
_c
1986
300
_a
514
942
_c
BK
999
_c
13941
_d
13941